Marketingové řízení.
Budovanie systému marketingového riadenia v podniku. Funkcie marketingového koordinačného útvaru. Marketingová podniková stratégia. Prvky "4P" v Marketing Mixe (výrobok, podpora predaja, predajná cena, priestor). Metodika marketingového riadenia vývoja nového výrobku, jej vstupné impulzy a prostried...
Guardado en:
| Autor principal: | |
|---|---|
| Formato: | Capítulo de libro |
| Lenguaje: | checo |
| Materias: | |
| Etiquetas: |
Sin Etiquetas, Sea el primero en etiquetar este registro!
|
MARC
| LEADER | 00000naa a2200000 4500 | ||
|---|---|---|---|
| 001 | r010054 | ||
| 005 | 20220831090654.8 | ||
| 041 | 0 | |a cze | |
| 044 | |a [CS] | ||
| 245 | 1 | 0 | |a Marketingové řízení. |c S. Hladík |
| 520 | |a Budovanie systému marketingového riadenia v podniku. Funkcie marketingového koordinačného útvaru. Marketingová podniková stratégia. Prvky "4P" v Marketing Mixe (výrobok, podpora predaja, predajná cena, priestor). Metodika marketingového riadenia vývoja nového výrobku, jej vstupné impulzy a prostriedky výskumu trhu. | ||
| 610 | 2 | 0 | |a riadenie podnikové |
| 610 | 2 | 0 | |a marketing |
| 610 | 2 | 0 | |a stratégia podniková |
| 610 | 2 | 0 | |a výrobky nové |
| 610 | 2 | 0 | |a ceny |
| 610 | 2 | 0 | |a predaj |
| 610 | 2 | 0 | |a vývoj výrobku |
| 610 | 2 | 0 | |a výskum trhu |
| 610 | 2 | 0 | |a metodika |
| 100 | 1 | |a Hladík, S. | |